000 00547nam a2200169 i 4500
001 133091
003 ES-MaACL
005 20250811100411.0
007 t|
008 070214s1912 sp r ||||1| spa d
100 1 _aRubiano Herrera, Santos,
_d1871-1930
_9100312
245 1 3 _aLa alienación mental en el ejército español /
_cSantos Rubiano Herrera.
260 _aBarcelona :
_b[s. n.],
_c1912 (
_fTip. `La Academia`)
650 7 _aPsiquiatría militar
_2embne-DP
_9153942
852 _aES-MaACL
_jT-1320-F-4
999 _c133091
_d133091